00525 2200205 4500001002100000005001700021006001900038008004100057020001800098035002500116041000700141082001100148090001700159100001800176245005200194260003100246300002400277990000900301990000900310INLIS00000000000000920140307111210.0a ||| | 180719| ||| | id  a979-794-002-0 a0010-031300000000009 aid0 a006.76 a006.76 SET m0 aBudi Setiawan00aMembuat video klip : dengan windows movie maker aJakartabTrans Mediac2006 aviii, 88 hal, 23 cm a2011 a2012